Modificaciones al Convenio para evitar la doble imposición entre la Argentina y Brasil (Registro nro. 20131)

Detalles MARC
000 -LEADER
fixed length control field 00444 a2200133 4500
001 - CONTROL NUMBER
control field ART_44412
005 - DATE AND TIME OF LATEST TRANSACTION
control field 20260410161756.0
008 - FIXED-LENGTH DATA ELEMENTS--GENERAL INFORMATION
fixed length control field 260409a
100 1# - MAIN ENTRY--PERSONAL NAME
Personal name Gotlib, Gabriel
245 10 - TITLE STATEMENT
Title Modificaciones al Convenio para evitar la doble imposición entre la Argentina y Brasil
700 1# - ADDED ENTRY--PERSONAL NAME
Personal name Ferreyra Fernández, Constanza E.
700 1# - ADDED ENTRY--PERSONAL NAME
Personal name Kaplún, Brian
773 0# - HOST ITEM ENTRY
Title Doctrina tributaria
Related parts - Nº 452 (nov. 2017)
Record control number REV4296

No hay ítems disponibles.